| 000 | 00353nam a2200121Ia 4500 | ||
|---|---|---|---|
| 008 | 190216s9999||||xx |||||||||||||| ||und|| | ||
| 100 | _a"Robert N Anthony,John Dearden & Richard F Vancin" | ||
| 245 | 0 | _aManagement Control Systems Cases And Readings | |
| 260 |
_bNew Central Book Agencies _c1965 |
||
| 300 | _a686p | ||
| 650 | _aCommerce | ||
| 942 | _cBK | ||
| 999 |
_c4671 _d4671 |
||